Weekly Shonen Jump Manga - Sudden Death - Statistics

General Stats
  • This quiz has been taken 340 times
  • The average score is 5 of 18
Answers on the Grid
Answers color-coded by a green-red scale on the quiz's grid according to % correct below.
Attack on Titan
Naruto
Fairy Tail
Berserk
Dragon Ball
Fullmetal Alchemist
My Hero Academia
Fist of the North Star
Delicious in Dungeon
Jojo's Bizarre Adventure
One Piece
Captain Tsubasa
Hajime no Ippo
One-Punch Man
Bleach
Yu Yu Hakusho
Dr. Slump
Vagabond
Rurouni Kenshin
Sailor Moon
Tokyo Ghoul
Jujutsu Kaisen
Haikyu!!
Vinland Saga
Death Note
Dandadan
Yu-Gi-Oh!
Chainsaw Man
Akira
The Promised Neverland
Saint Seiya
The Seven Deadly Sins
 
Answer Stats
Answer % Correct
Naruto
84%
One Piece
55%
Dragon Ball
54%
My Hero Academia
49%
Bleach
42%
Jujutsu Kaisen
30%
Jojo's Bizarre Adventure
29%
Death Note
22%
Haikyu!!
22%
Dr. Slump
20%
Fist of the North Star
20%
Yu Yu Hakusho
20%
Chainsaw Man
19%
Rurouni Kenshin
16%
Captain Tsubasa
15%
The Promised Neverland
15%
Yu-Gi-Oh!
13%
Saint Seiya
9%
No matching quizzes found
Score Distribution
Percent of People with Each Score
Percentile by Number Answered
Your Score History
You have not taken this quiz